How control systems influence product innovation processes: examining the role of entrepreneurial orientation (Record no. 316098)
[ view plain ]
| 000 -LEADER | |
|---|---|
| fixed length control field | 00476nam a2200145Ia 4500 |
| 008 - FIXED-LENGTH DATA ELEMENTS--GENERAL INFORMATION | |
| fixed length control field | 170224s9999 xx 000 0 und d |
| 100 ## - MAIN ENTRY--PERSONAL NAME | |
| Personal name | Josep Bisbe |
| 245 ## - TITLE STATEMENT | |
| Title | How control systems influence product innovation processes: examining the role of entrepreneurial orientation |
| 245 ## - TITLE STATEMENT | |
| Statement of responsibility, etc | Josep Bisbe & Ricardo Malagueño |
| 260 ## - PUBLICATION, DISTRIBUTION, ETC. (IMPRINT) | |
| Name of publisher, distributor, etc | Accounting and Business Research |
| 260 ## - PUBLICATION, DISTRIBUTION, ETC. (IMPRINT) | |
| Date of publication, distribution, etc | 2015 |
| 300 ## - PHYSICAL DESCRIPTION | |
| Extent | 45:3, pages 356-386 |
| 650 ## - SUBJECT ADDED ENTRY--TOPICAL TERM | |
| General subdivision | Accountancy |
| 650 ## - SUBJECT ADDED ENTRY--TOPICAL TERM | |
| General subdivision | Accounting |
| Withdrawn status | Lost status | Damaged status | Home library | Current library | Date acquired | Total Checkouts | Date last seen | Price effective from | Koha item type |
|---|---|---|---|---|---|---|---|---|---|
| College Library | College Library | 02/24/2017 | 02/24/2017 | 02/24/2017 | Periodicals |